01013nam a2200229 a 450000100100000000500170001000800410002704000250006808200200009310000250011324500480013826000460018630000180023259000260025065000280027665000310030491000370033595201820037295201070055495201070066199900150076800000968820240412074212.0091001s19671973dr 000 p spa d aDO-SdBNPbspacBNPHU aRD861.44bB265p1 aBaron, Angela92458610aPoemas del amor sin nombre /cAngela Baron. aSanto Domingo :bArte y Cine,c1967-1973. a2v. ;c22 cm. aInventariado, 2018/LP 0aPoesía dominicana966 0aLiteratura dominicana.967 aValidado. Control de calidad MFF 0010718PDaPDbPDcHDd2009-10-01iLF1l0ov. 1p9688-10r2020-06-25w2020-06-25yLFPDzPerteneció a la biblioteca personal de Federico Henríquez y Carvajal.ZNo se presta 0010718PDaPDbPDcHDd2013-10-18iLF1l0ov. 1p9688-20r2020-06-25w2020-06-25yLFPDZNo se presta 0010718PDaPDbPDcHDd2018-08-20iLF1l0ov. 2p9688-30r2020-06-25w2020-06-25yLFPDZNo se presta c9448d9448